000 00234nam a2200097Ia 4500
008 190216s9999||||xx |||||||||||||| ||und||
100 _aNull
245 0 _aHindi-Aur Bath Mulgathi Rehi
260 _bMac Millian And Com. Ltd
942 _cBK
999 _c17125
_d17125